000
002800000a22000970004500
100
1
_a
Winter, Ralph D.
245
1
0
_a
New frontiers : Edinburgh 80 to Wheaton '83
300
_a
Vol. 1, Núm 1 (1984), Páginas 57-73
773
0
_t
International Journal of Frontier Misions
942
_c
ANA
999
_c
55185
_d
55185